000 00283nam a22001097a 4500
082 _a122
_bAWA
_cl-26, p-18
100 _aAwan, N.M.
_92146
245 _aSurface water hydrology Vol.2
_cAwan, N.M.
526 _a0
_b0
_c0
_d122_000000000000000_AWA
650 _aMCE
_9379
942 _2ddc
_cBK
999 _c549955
_d549955